[Event "XI Open"]
[Site "Condino ITA"]
[Date "2011.07.25"]
[Round "1"]
[White "Barucco, Mattia"]
[Black "Calabrese, Maurizio"]
[Result "1-0"]
[WhiteElo "1976"]
[BlackElo "1567"]
[PlyCount "91"]
[EventDate "2011.07.25"]

1. e4 c5 2. Nc3 a6 3. g3 d6 4. Bg2 Nf6 5. d3 Nc6 6. f4 g6 7. Nf3 e5 8. O-O Bg7
9. Kh1 O-O 10. Be3 Ne7 11. Qd2 exf4 12. Bxf4 Kh8 13. Bh6 Bxh6 14. Qxh6 Ng4 15.
Qh4 Ng8 16. Qxd8 Rxd8 17. Ng5 N8h6 18. Nxf7+ Nxf7 19. Rxf7 Ne3 20. Rc1 b5 21.
Rf3 Nxg2 22. Kxg2 Bb7 23. Rf7 Bc6 24. Rcf1 Rd7 25. Rxd7 Bxd7 26. Rf7 Bc6 27.
Rc7 Be8 28. Nd5 g5 29. Nf6 Bg6 30. Rd7 Rf8 31. Rxd6 a5 32. e5 Rc8 33. e6 Kg7
34. Nd5 c4 35. Rd7+ Kh6 36. Ne7 Re8 37. Nxg6 Kxg6 38. e7 cxd3 39. cxd3 Kf6 40.
Kf3 Ke6 41. Ra7 Kd5 42. Kg4 h6 43. Kf5 a4 44. Kf6 Rh8 45. Rd7+ Kc6 46. Rd8 1-0

[Event "XI Open"]
[Site "Condino ITA"]
[Date "2011.07.25"]
[Round "1"]
[White "Brun, Dario"]
[Black "Petragnani, Gian Giacomo"]
[Result "1-0"]
[WhiteElo "2265"]
[BlackElo "1738"]
[PlyCount "47"]
[EventDate "2011.07.25"]

1. d4 g6 2. c4 Bg7 3. Nc3 d6 4. e4 Nd7 5. Nf3 e5 6. Be2 Nh6 7. O-O f6 8. h3 O-O
9. Be3 Nf7 10. Qc2 exd4 11. Nxd4 Nde5 12. f4 Nc6 13. Rad1 Ne7 14. c5 Qe8 15.
Ndb5 Qd7 16. Bc4 a6 17. cxd6 axb5 18. dxe7 Qxe7 19. Nd5 Qd6 20. Nb6 Qc6 21.
Bxf7+ Rxf7 22. Qxc6 bxc6 23. Nxa8 Bb7 24. Bc5 1-0

[Event "XI Open"]
[Site "Condino ITA"]
[Date "2011.07.25"]
[Round "1"]
[White "Carletti, Angelo"]
[Black "Rubio Mejia, Luis Ignacio"]
[Result "0-1"]
[WhiteElo "1849"]
[BlackElo "2417"]
[PlyCount "110"]
[EventDate "2011.07.25"]

1. e4 c5 2. Nf3 d6 3. d4 cxd4 4. Nxd4 Nf6 5. Nc3 a6 6. Bc4 e6 7. Bb3 Nbd7 8. f4
Nc5 9. Qf3 Be7 10. O-O O-O 11. f5 e5 12. Nde2 b5 13. Bg5 b4 14. Bxf6 Bxf6 15.
Nd5 Bb7 16. Rfd1 Rc8 17. Ng3 Bxd5 18. Rxd5 Qb6 19. Qf2 Bh4 20. Rad1 Rfd8 21.
Kh1 Qc7 22. Qf3 Bxg3 23. hxg3 Qe7 24. Rf1 Nd7 25. Rd3 Nf6 26. Rfd1 a5 27. Qe2
h6 28. Bd5 Qa7 29. g4 Kf8 30. R1d2 Rc5 31. Rg3 Ke7 32. Qf2 Rc7 33. Qxa7 Rxa7
34. Kh2 Rc8 35. c4 bxc3 36. bxc3 Nxd5 37. Rxd5 Rc4 38. Re3 Ra4 39. Rd2 Rc7 40.
Rb2 Ra3 41. Rc2 Ra4 42. Kg3 Rcc4 43. Kf3 d5 44. exd5 Kd6 45. Rd2 Rxg4 46. g3
Rg5 47. Rxe5 Kxe5 48. d6 Rxf5+ 49. Ke3 Re4+ 50. Kd3 Rf3+ 51. Kc2 Rc4 52. d7
Rcxc3+ 53. Kb2 Rcd3 54. Kc2 Rxd2+ 55. Kxd2 Rf6 0-1

[Event "XI Open"]
[Site "Condino ITA"]
[Date "2011.07.25"]
[Round "1"]
[White "Carletti, Davide"]
[Black "Schaefer, Heiko"]
[Result "0-1"]
[WhiteElo "1660"]
[BlackElo "2100"]
[PlyCount "48"]
[EventDate "2011.07.25"]

1. e4 e6 2. d3 d5 3. Nd2 Nf6 4. Ngf3 Bc5 5. g3 dxe4 6. dxe4 Ng4 7. Nb3 Bxf2+ 8.
Ke2 Qxd1+ 9. Kxd1 Bb6 10. Ke2 Nf2 11. Rg1 Nxe4 12. Rg2 Nc6 13. Be3 e5 14. Bxb6
axb6 15. Ke3 Nd6 16. Bd3 f5 17. Bf1 O-O 18. Rd2 f4+ 19. gxf4 exf4+ 20. Ke2 Bg4
21. Bg2 Nc4 22. Rd5 Ne3 23. Rg5 h6 24. Rg6 Bf5 0-1

[Event "XI Open"]
[Site "Condino ITA"]
[Date "2011.07.25"]
[Round "1"]
[White "Cesati Cassin, Giorgio"]
[Black "Gardi, Giuseppe"]
[Result "0-1"]
[WhiteElo "1585"]
[BlackElo "2026"]
[PlyCount "53"]
[EventDate "2011.07.25"]

1. e4 g6 2. d4 c6 3. Nc3 d6 4. f4 d5 5. e5 h5 6. h3 Nh6 7. Bd3 Qb6 8. Nf3 Bf5
9. O-O e6 10. Rb1 Bxd3 11. Qxd3 Nd7 12. Be3 Nf5 13. Bf2 h4 14. Ne2 c5 15. c3
Be7 16. a3 a6 17. Rfc1 cxd4 18. cxd4 Kf8 19. b4 Kg7 20. Rc3 Rac8 21. Rbc1 Rxc3
22. Rxc3 Nb8 23. Qc2 Nc6 24. Rb3 Rc8 25. Qb2 Qb5 26. Nd2 Qxe2 27. Re3 0-1

[Event "XI Open"]
[Site "Condino ITA"]
[Date "2011.07.25"]
[Round "1"]
[White "Dappiano, Andrea"]
[Black "Medves, Enrico"]
[Result "1/2-1/2"]
[WhiteElo "2072"]
[BlackElo "1593"]
[PlyCount "104"]
[EventDate "2011.07.25"]

1. Nf3 Nf6 2. g3 c5 3. c4 b6 4. Bg2 Bb7 5. O-O e6 6. Nc3 Be7 7. d4 cxd4 8. Qxd4
d6 9. b3 a6 10. Ba3 Nc6 11. Qd2 d5 12. Bxe7 Nxe7 13. cxd5 Nexd5 14. Nxd5 Bxd5
15. Qb4 Nd7 16. e4 Bb7 17. Rac1 Rc8 18. Rxc8 Qxc8 19. Rd1 Qc7 20. Qd4 e5 21.
Qd2 Bc6 22. Qc3 O-O 23. Rc1 Rc8 24. Bh3 f6 25. Qxc6 Qxc6 26. Rxc6 Rxc6 27. Bxd7
Rc1+ 28. Kg2 Kf7 29. a4 Rc3 30. b4 Rc4 31. b5 Rxa4 32. bxa6 Rxa6 33. Bc6 g5 34.
Nd2 Ra1 35. Nc4 Kg7 36. Ne3 Rb1 37. Kf3 b5 38. Nf5+ Kf8 39. Ke2 b4 40. Kd3 Rb2
41. Bd5 Rxf2 42. Kc4 Rxh2 43. Kxb4 h5 44. Kc3 h4 45. gxh4 gxh4 46. Kd3 h3 47.
Ke3 Rb2 48. Kf3 h2 49. Ng3 Kg7 50. Be6 Kh6 51. Nh1 Kg5 52. Kg3 Re2 1/2-1/2

[Event "XI Open"]
[Site "Condino ITA"]
[Date "2011.07.25"]
[Round "1"]
[White "Frugoni, Giulio"]
[Black "Panjkovic, Aleksandar"]
[Result "0-1"]
[WhiteElo "1685"]
[BlackElo "2173"]
[PlyCount "74"]
[EventDate "2011.07.25"]

1. Nf3 g6 2. d4 Bg7 3. e4 d6 4. Bc4 Nf6 5. Nc3 O-O 6. Bg5 Nxe4 7. Bxf7+ Rxf7 8.
Nxe4 Bg4 9. h3 Bxf3 10. gxf3 Qd7 11. h4 Qf5 12. c3 h6 13. Be3 Qxf3 14. Qxf3
Rxf3 15. Ke2 Rf5 16. Rag1 Kh7 17. Rg4 Nd7 18. Rhg1 Nf8 19. Ng3 Rf7 20. Ne4 e5
21. dxe5 Bxe5 22. f4 Bh8 23. Ng3 h5 24. Rg5 Ne6 25. Rd5 Nxf4+ 26. Bxf4 Rxf4 27.
Nxh5 Rxh4 28. Ng3 Re8+ 29. Kf3 Rf8+ 30. Kg2 Be5 31. Nf1 Kg7 32. Rxe5 dxe5 33.
Kg3 Rh5 34. Ne3 Rg5+ 35. Ng4 Rf4 36. Kh3 Rf3+ 37. Kg2 Rxg4+ 0-1

[Event "XI Open"]
[Site "Condino ITA"]
[Date "2011.07.25"]
[Round "1"]
[White "Garonzi, Martino"]
[Black "Paragliola, Gennaro"]
[Result "1-0"]
[WhiteElo "2002"]
[BlackElo "1583"]
[PlyCount "45"]
[EventDate "2011.07.25"]

1. e4 d6 2. d4 g6 3. Be3 Bg7 4. Qd2 Nf6 5. f3 Nc6 6. Nc3 e5 7. d5 Ne7 8. O-O-O
c6 9. dxc6 Nxc6 10. Qxd6 Bd7 11. Nb5 Rc8 12. Nxa7 Nxa7 13. Qxe5+ Qe7 14. Qxe7+
Kxe7 15. Bxa7 Be6 16. a3 Bb3 17. Bd3 Rc6 18. Bd4 Rhc8 19. Bc3 Ba2 20. Ne2 Bh6+
21. Bd2 Bg7 22. Bb4+ Ke6 23. Nd4+ 1-0

[Event "XI Open"]
[Site "Condino ITA"]
[Date "2011.07.25"]
[Round "1"]
[White "Medves, Adriano"]
[Black "De Vita, Gianni"]
[Result "0-1"]
[WhiteElo "1593"]
[BlackElo "2090"]
[PlyCount "86"]
[EventDate "2011.07.25"]

1. b4 e5 2. Bb2 Bxb4 3. Bxe5 Nf6 4. c4 O-O 5. Nf3 Re8 6. e3 Nc6 7. Bb2 d5 8.
cxd5 Nxd5 9. Be2 Bg4 10. O-O Qd7 11. a3 Ba5 12. d4 Rad8 13. Qc2 Bf5 14. Bd3
Bxd3 15. Qxd3 Qg4 16. Nbd2 Bxd2 17. Nxd2 Ne5 18. Qb3 Ng6 19. Nf3 Re6 20. h3 Qh5
21. Rac1 Rb6 22. Qc2 c6 23. Rb1 Rd6 24. Ba1 Rf6 25. Qe4 Re6 26. Qc2 Nf6 27.
Rxb6 axb6 28. Rb1 Nd7 29. Kh2 Qd5 30. Kg1 h6 31. a4 f5 32. Qb2 f4 33. e4 Rxe4
34. Ne5 Nh4 35. f3 Re3 36. Nxd7 Qxd7 37. d5 cxd5 38. Qf2 Qe7 39. Rd1 Re2 40.
Qf1 Rxg2+ 41. Qxg2 Nxg2 42. Rxd5 Ne3 43. Bd4 Nxd5 0-1

[Event "XI Open"]
[Site "Condino ITA"]
[Date "2011.07.25"]
[Round "1"]
[White "Menichini, Massimo"]
[Black "De Santis, Alessio"]
[Result "0-1"]
[WhiteElo "1791"]
[BlackElo "2305"]
[PlyCount "46"]
[EventDate "2011.07.25"]

1. e4 b6 2. Nf3 Bb7 3. Nc3 g6 4. Bc4 e6 5. d3 Bg7 6. O-O Ne7 7. Bg5 h6 8. Bh4
a6 9. a4 d6 10. Qe2 c5 11. Rad1 Nbc6 12. h3 g5 13. Bg3 Ng6 14. Rfe1 h5 15. Qd2
Bh6 16. Qe2 g4 17. hxg4 hxg4 18. Nh2 Nge5 19. Bxe5 Nxe5 20. g3 Qg5 21. Qf1 Nf3+
22. Kg2 Qh5 23. Qh1 Qh3# 0-1

[Event "XI Open"]
[Site "Condino ITA"]
[Date "2011.07.25"]
[Round "1"]
[White "Monzeglio, Graziella"]
[Black "Nepi, Ezio"]
[Result "0-1"]
[WhiteElo "1486"]
[BlackElo "1930"]
[PlyCount "40"]
[EventDate "2011.07.25"]

1. d4 d5 2. Nf3 Nf6 3. e3 g6 4. Bd3 Bg7 5. Nbd2 O-O 6. O-O Bf5 7. Bxf5 gxf5 8.
Re1 Nbd7 9. c3 c5 10. Qe2 c4 11. b3 b5 12. Ne5 Ne4 13. Nxd7 Nxc3 14. Qf3 Qxd7
15. e4 Nxe4 16. Nxe4 dxe4 17. Qg3 Qxd4 18. Bf4 Rfd8 19. Rad1 Qxd1 20. Kf1 Qd3+
0-1

[Event "XI Open"]
[Site "Condino ITA"]
[Date "2011.07.25"]
[Round "1"]
[White "Qendro, Llambi"]
[Black "Girelli, Sergio"]
[Result "1-0"]
[WhiteElo "2343"]
[BlackElo "1792"]
[PlyCount "65"]
[EventDate "2011.07.25"]

1. d4 Nf6 2. c4 g6 3. Nc3 Bg7 4. e4 d6 5. f3 O-O 6. Bg5 c5 7. d5 e6 8. Qd2 exd5
9. cxd5 h6 10. Be3 Kh7 11. Nge2 Nbd7 12. Ng3 a6 13. a4 Ne5 14. Be2 Qa5 15. O-O
Qb4 16. Qc2 Qa5 17. h3 Qd8 18. f4 Ned7 19. Nh1 Ng8 20. Rae1 Qh4 21. Bg4 Nb6 22.
Bf2 Bd4 23. g3 Qf6 24. e5 Bxf2+ 25. Rxf2 dxe5 26. fxe5 Qg7 27. e6 fxe6 28. Rxf8
Qxf8 29. dxe6 Qe7 30. Rf1 Bxe6 31. Re1 Qf7 32. Rxe6 Rf8 33. Rxb6 1-0

[Event "XI Open"]
[Site "Condino ITA"]
[Date "2011.07.25"]
[Round "1"]
[White "Rotstein, Arkadij"]
[Black "Pichler, Christoph"]
[Result "1-0"]
[WhiteElo "2529"]
[BlackElo "1904"]
[PlyCount "47"]
[EventDate "2011.07.25"]

1. e4 e5 2. Bc4 Bc5 3. Nf3 Nc6 4. c3 Nf6 5. d3 d6 6. Nbd2 h6 7. Nf1 a6 8. Ng3
O-O 9. O-O Bg4 10. h3 Bd7 11. d4 exd4 12. cxd4 Ba7 13. Re1 b5 14. Bb3 Re8 15.
Bc2 Bc8 16. a3 Ne7 17. Nh4 Nh7 18. Be3 Nf8 19. Qh5 Nfg6 20. Nhf5 Nxf5 21. exf5
Nf8 22. Qg4 Kh8 23. Nh5 Ng6 24. Qf3 1-0

[Event "XI Open"]
[Site "Condino ITA"]
[Date "2011.07.25"]
[Round "1"]
[White "Salmoiraghi, Angelo"]
[Black "Barlotti, Gabriele"]
[Result "1-0"]
[WhiteElo "2152"]
[BlackElo "1668"]
[PlyCount "75"]
[EventDate "2011.07.25"]

1. d4 d5 2. c4 e6 3. Nf3 Nf6 4. g3 c6 5. Bg2 dxc4 6. O-O Nbd7 7. a4 a5 8. Nfd2
Be7 9. Nxc4 O-O 10. Nc3 Re8 11. e4 Nb6 12. Ne5 Bb4 13. Be3 Nbd7 14. Nd3 Be7 15.
f4 Rb8 16. e5 Nd5 17. Nxd5 exd5 18. f5 Nf8 19. Qf3 Ra8 20. Rae1 Nd7 21. Qh5 Nf8
22. g4 Ra6 23. Rf3 g6 24. Qh3 gxf5 25. gxf5 Ng6 26. Qh6 Bf8 27. fxg6 Bxh6 28.
gxf7+ Kg7 29. fxe8=N+ Qxe8 30. Rg3+ Kh8 31. Bxh6 c5 32. Bg7+ Kg8 33. Bxd5+ Be6
34. Bf6+ Kf7 35. Bf3 Kf8 36. Nxc5 Rc6 37. Nxe6+ Rxe6 38. Bd5 1-0

[Event "XI Open"]
[Site "Condino ITA"]
[Date "2011.07.25"]
[Round "1"]
[White "Sheikh, Mohammed Zannatun"]
[Black "Poletti, Fausto"]
[Result "0-1"]
[WhiteElo "1512"]
[BlackElo "1940"]
[PlyCount "86"]
[EventDate "2011.07.25"]

1. e4 c5 2. Nf3 Nc6 3. Nc3 e5 4. Bb5 d6 5. a3 Be7 6. h3 Nf6 7. d3 O-O 8. O-O a6
9. Bxc6 bxc6 10. Be3 Rb8 11. Rb1 Ne8 12. Qd2 f6 13. Na2 Be6 14. c4 d5 15. cxd5
cxd5 16. exd5 Bxd5 17. Nc3 Bxf3 18. gxf3 Qd7 19. Kg2 Nc7 20. Ne4 Ne6 21. Rfc1
Rb3 22. Rc3 Rfb8 23. Qc2 Qd5 24. Nd2 R3b7 25. Ne4 Rc7 26. b4 Rbc8 27. b5 axb5
28. Rxb5 f5 29. Nxc5 Bxc5 30. Rc4 f4 31. Bxc5 Rxc5 32. Rbxc5 Rxc5 33. Qb3 Kf7
34. Qb4 Rb5 35. Qa4 Nd4 36. Rc7+ Kg6 37. Qa6+ Kh5 38. Qc8 Qxf3+ 39. Kg1 Rb1+
40. Rc1 Rxc1+ 41. Qxc1 Ne2+ 42. Kh2 Qxf2+ 43. Kh1 Ng3# 0-1

[Event "XI Open"]
[Site "Condino ITA"]
[Date "2011.07.25"]
[Round "1"]
[White "Simoncini, Francesco"]
[Black "Pipitone, Antonio"]
[Result "0-1"]
[WhiteElo "1581"]
[BlackElo "1979"]
[PlyCount "40"]
[EventDate "2011.07.25"]

1. d4 Nf6 2. c4 c5 3. d5 e6 4. Nc3 exd5 5. cxd5 d6 6. g3 g6 7. Bg2 Bg7 8. Nf3
O-O 9. O-O Re8 10. h3 a6 11. a4 Nbd7 12. Nd2 Rb8 13. a5 b5 14. axb6 Nxb6 15. e4
Bd7 16. Rxa6 Qc8 17. Qe2 Bxh3 18. Bxh3 Qxh3 19. Nb5 Ng4 20. Nf3 Re5 0-1

[Event "XI Open"]
[Site "Condino ITA"]
[Date "2011.07.25"]
[Round "1"]
[White "Stoppa, Omar"]
[Black "Menon, Michele"]
[Result "1-0"]
[WhiteElo "2286"]
[BlackElo "1775"]
[PlyCount "53"]
[EventDate "2011.07.25"]

1. e4 d6 2. c3 Nf6 3. g3 c6 4. Bg2 e5 5. Ne2 Be7 6. O-O O-O 7. d4 Nbd7 8. f4
Qb6 9. Na3 d5 10. exd5 cxd5 11. fxe5 Nxe5 12. Kh1 Ng6 13. Qb3 Bxa3 14. Qxa3 Bg4
15. Nf4 Nxf4 16. Bxf4 Ne4 17. Qb3 Qc6 18. h3 Be6 19. Kh2 Qd7 20. Rae1 g5 21.
Bc1 Qc7 22. Bxe4 dxe4 23. d5 Bd7 24. Bxg5 Qc8 25. g4 Bxg4 26. hxg4 Qxg4 27. Qd1
1-0

[Event "XI Open"]
[Site "Condino ITA"]
[Date "2011.07.25"]
[Round "1"]
[White "Ventura, Sergio"]
[Black "Panjkovic, Stefan"]
[Result "1-0"]
[WhiteElo "2092"]
[BlackElo "1626"]
[PlyCount "43"]
[EventDate "2011.07.25"]

1. f4 d5 2. Nf3 g6 3. e3 Bg7 4. d4 Nf6 5. c3 O-O 6. Bd3 Bg4 7. Nbd2 e6 8. h3
Bxf3 9. Qxf3 Nbd7 10. g4 Qe7 11. Qg2 c5 12. g5 Ne8 13. h4 f6 14. Nf3 f5 15. h5
Nc7 16. Be2 Kf7 17. Nh4 Ne8 18. hxg6+ hxg6 19. Nxg6 Kxg6 20. Bh5+ Kh7 21. Bf7+
Bh6 22. Qh3 1-0

[Event "XI Open"]
[Site "Condino ITA"]
[Date "2011.07.26"]
[Round "2"]
[White "Barlotti, Gabriele"]
[Black "Monzeglio, Graziella"]
[Result "1-0"]
[WhiteElo "1668"]
[BlackElo "1486"]
[PlyCount "53"]
[EventDate "2011.07.25"]

1. d4 d5 2. c4 Nf6 3. cxd5 Qxd5 4. Nc3 Qd6 5. e4 e5 6. d5 Be7 7. Bd3 O-O 8. Nb5
Qb4+ 9. Bd2 Qc5 10. Be3 Qb4+ 11. Kf1 Na6 12. Bd2 Qxb2 13. Bc3 Qxa1 14. Qxa1 c6
15. d6 Bxd6 16. Nxd6 Nc5 17. Bc2 Rd8 18. Bxe5 Ncd7 19. Bxf6 Nxf6 20. e5 Nd5 21.
Nxc8 Raxc8 22. Nf3 Nb4 23. Bb3 h6 24. e6 Kh7 25. exf7 Rf8 26. Ne5 Rcd8 27. Qb1+
1-0

[Event "XI Open"]
[Site "Condino ITA"]
[Date "2011.07.26"]
[Round "2"]
[White "Calabrese, Maurizio"]
[Black "Frugoni, Giulio"]
[Result "1-0"]
[WhiteElo "1567"]
[BlackElo "1685"]
[PlyCount "117"]
[EventDate "2011.07.25"]

1. d4 d5 2. c4 e6 3. Nc3 a6 4. cxd5 exd5 5. Nf3 Nf6 6. g3 c5 7. Qc2 Nc6 8. e3
Nb4 9. Qb1 Bd6 10. a3 Nc6 11. dxc5 Bxc5 12. b4 Bd6 13. Bg2 Ne5 14. O-O Nc4 15.
Nd2 Nxd2 16. Bxd2 Be6 17. Qd3 Be7 18. Ne2 O-O 19. Nf4 Rc8 20. Nxe6 fxe6 21. Bh3
Qd6 22. Rfc1 Ne4 23. Be1 Ng5 24. Bg2 h5 25. f4 Nh7 26. Rc2 b5 27. Rac1 Rc4 28.
Bc3 Rfc8 29. Qg6 Bf6 30. Bxf6 Nxf6 31. Rxc4 bxc4 32. Rc2 d4 33. Bf3 dxe3 34.
Be2 Qd4 35. Ra2 Qc3 36. Qb1 Qd4 37. a4 Nd5 38. Qg6 Nf6 39. h3 Qe4 40. Qxe4 Nxe4
41. Kg2 Rd8 42. Kf3 Rd2 43. Ra3 c3 44. Ra1 Nxg3 45. Bxa6 c2 46. Rc1 e2 47. Bxe2
Nxe2 48. Ke3 Rd1 49. Rxc2 Nd4 50. Rb2 Nf5+ 51. Ke2 Rd4 52. a5 Ng3+ 53. Ke3 Rd6
54. b5 Nf5+ 55. Kf2 Rd4 56. b6 Rxf4+ 57. Kg2 h4 58. b7 Ne3+ 59. Kg1 1-0

[Event "XI Open"]
[Site "Condino ITA"]
[Date "2011.07.26"]
[Round "2"]
[White "Gardi, Giuseppe"]
[Black "Stoppa, Omar"]
[Result "1/2-1/2"]
[WhiteElo "2026"]
[BlackElo "2286"]
[PlyCount "36"]
[EventDate "2011.07.25"]

1. d4 Nf6 2. c4 a6 3. Nc3 c5 4. d5 b5 5. cxb5 axb5 6. Nxb5 Qa5+ 7. Nc3 Bb7 8.
Bd2 Qb6 9. e4 e6 10. Bc4 Nxe4 11. Nf3 Nd6 12. Bb3 Be7 13. O-O O-O 14. Re1 c4
15. Bc2 Bf6 16. Ng5 Bxg5 17. Bxg5 Qxb2 18. Re3 Qb6 1/2-1/2

[Event "XI Open"]
[Site "Condino ITA"]
[Date "2011.07.26"]
[Round "2"]
[White "Girelli, Sergio"]
[Black "Cesati Cassin, Giorgio"]
[Result "1-0"]
[WhiteElo "1792"]
[BlackElo "1585"]
[PlyCount "45"]
[EventDate "2011.07.25"]

1. e4 c5 2. Nf3 Nc6 3. d4 cxd4 4. Nxd4 g6 5. Be3 Bg7 6. Nc3 Nf6 7. f3 O-O 8.
Qd2 d6 9. Bc4 Bd7 10. O-O-O Na5 11. Bb3 Rc8 12. Kb1 a6 13. h4 b5 14. h5 Nc4 15.
Bxc4 Rxc4 16. hxg6 fxg6 17. Bh6 b4 18. Nce2 Qa5 19. Bxg7 Rfc8 20. Bxf6 R4c5 21.
Qh6 exf6 22. Qxh7+ Kf8 23. Qh8+ 1-0

[Event "XI Open"]
[Site "Condino ITA"]
[Date "2011.07.26"]
[Round "2"]
[White "Medancic, Rikard"]
[Black "Barucco, Mattia"]
[Result "1-0"]
[WhiteElo "2275"]
[BlackElo "1976"]
[PlyCount "33"]
[EventDate "2011.07.25"]

1. d4 Nf6 2. Nf3 e6 3. g3 c5 4. Bg2 Nc6 5. O-O d5 6. c4 Be7 7. cxd5 exd5 8. Nc3
O-O 9. dxc5 Bxc5 10. Bg5 d4 11. Bxf6 Qxf6 12. Nd5 Qd6 13. Nd2 Bf5 14. Rc1 Rfd8
15. a3 a5 16. Qa4 Ra6 17. Qb5 1-0

[Event "XI Open"]
[Site "Condino ITA"]
[Date "2011.07.26"]
[Round "2"]
[White "Medves, Enrico"]
[Black "Carletti, Angelo"]
[Result "1/2-1/2"]
[WhiteElo "1593"]
[BlackElo "1849"]
[PlyCount "176"]
[EventDate "2011.07.25"]

1. d4 Nf6 2. c4 g6 3. Nc3 Bg7 4. e4 d6 5. Nf3 O-O 6. Be2 e5 7. d5 a5 8. h3 Na6
9. Be3 Nc5 10. Qc2 Ne8 11. g4 f5 12. Bg5 Qd7 13. Nd2 Kh8 14. f3 Nf6 15. O-O-O
f4 16. Bh4 a4 17. Bf2 a3 18. b4 Na4 19. Kb1 Nxc3+ 20. Qxc3 Qe7 21. c5 Bd7 22.
Rc1 Rfb8 23. Ka1 Ne8 24. Nc4 Bb5 25. Rc2 Bxc4 26. Bxc4 Qd7 27. Rb1 Bf8 28. Rb3
Qa4 29. Be2 b6 30. cxb6 cxb6 31. Qc6 Qa7 32. Rcc3 Qb7 33. Qxb7 Rxb7 34. Rxa3
Rxa3 35. Rxa3 Kg8 36. Kb2 Be7 37. Ra8 Kf7 38. Bb5 Nc7 39. Bc6 Nxa8 40. Bxb7 Nc7
41. Bxb6 Nb5 42. a4 Nd4 43. a5 Nxf3 44. a6 Nd2 45. Kc3 Nxe4+ 46. Kd3 Ng3 47. a7
e4+ 48. Kc2 e3 49. a8=Q e2 50. Kd2 f3 51. Qa1 Ne4+ 52. Ke3 Bf6 53. Qe1 Bc3 54.
Qxc3 Nxc3 55. Kd2 Nb1+ 56. Ke1 Na3 57. Bf2 Nc2+ 58. Kd2 Nxb4 59. Kc3 Na2+ 60.
Kb2 Nb4 61. Kc3 Na2+ 62. Kc4 Nc1 63. Bc6 Kf6 64. Ba4 Ke5 65. Bc2 Kf4 66. Bb1 h5
67. gxh5 gxh5 68. Kc3 e1=Q+ 69. Bxe1 Ne2+ 70. Kd2 Ng1 71. Bh4 Nxh3 72. Bg6 f2
73. Ke2 Ke5 74. Bf7 Nf4+ 75. Kxf2 Nxd5 76. Bg3+ Kd4 77. Bxd6 Nc3 78. Kf3 Nd5
79. Bxh5 Nf6 80. Bf7 Nd7 81. Kf4 Nc5 82. Be5+ Kd3 83. Ba2 Na4 84. Bb1+ Kc4 85.
Ke3 Nb6 86. Ke4 Kc5 87. Ba2 Nd7 88. Bg7 Kc6 1/2-1/2

[Event "XI Open"]
[Site "Condino ITA"]
[Date "2011.07.26"]
[Round "2"]
[White "Menon, Michele"]
[Black "Simoncini, Francesco"]
[Result "0-1"]
[WhiteElo "1775"]
[BlackElo "1581"]
[PlyCount "134"]
[EventDate "2011.07.25"]

1. Nf3 c5 2. c4 g6 3. Nc3 Bg7 4. g3 Nc6 5. Bg2 d6 6. O-O e6 7. e3 Nge7 8. d4
cxd4 9. exd4 O-O 10. a3 Nf5 11. d5 Na5 12. Qd3 Nb3 13. Rb1 e5 14. Ne4 Qb6 15.
Be3 Nxe3 16. Qxe3 Qxe3 17. fxe3 Bf5 18. Nh4 Bxe4 19. Bxe4 Nd2 20. Bd3 Nxb1 21.
Bxb1 Rac8 22. Bd3 f5 23. b3 e4 24. Be2 Bb2 25. a4 Ba3 26. Ng2 Bc5 27. Kh1 g5
28. Rb1 a5 29. Re1 Rf6 30. Bd1 Rc7 31. Rf1 Rcf7 32. Bc2 Re7 33. Bb1 Rff7 34.
Bc2 Bb4 35. Bd1 Rf8 36. Bc2 f4 37. gxf4 gxf4 38. Nxf4 Bd2 39. Rg1+ Kh8 40. Rg3
Rxf4 41. exf4 e3 42. Bd3 e2 43. Bxe2 Rxe2 44. f5 Rf2 45. Rd3 Bb4 46. Re3 Rxf5
47. Kg2 Bc5 48. Re2 Re5 49. Rb2 Re3 50. Rb1 Ba3 51. Kf2 Rh3 52. Kg2 Rc3 53. Kh1
Rc1+ 54. Rxc1 Bxc1 55. c5 dxc5 56. d6 Bg5 57. Kg2 Kg8 58. Kf3 Kf7 59. Kg4 Bd8
60. Kf5 Ke8 61. Ke6 Bh4 62. Kd5 Bf2 63. Ke6 Kd8 64. h3 h6 65. d7 Bh4 66. Kd5
Be7 67. Ke6 b6 0-1

[Event "XI Open"]
[Site "Condino ITA"]
[Date "2011.07.26"]
[Round "2"]
[White "Nepi, Ezio"]
[Black "Dappiano, Andrea"]
[Result "0-1"]
[WhiteElo "1930"]
[BlackElo "2072"]
[PlyCount "67"]
[EventDate "2011.07.25"]

1. d4 d6 2. Nf3 Bg4 3. c4 Nd7 4. Nc3 e5 5. g3 Ngf6 6. Bg2 Be7 7. O-O O-O 8. h3
Bh5 9. Nh4 c6 10. Nf5 Bg6 11. Nxe7+ Qxe7 12. d5 cxd5 13. Nxd5 Nxd5 14. Qxd5
Rab8 15. b3 Nf6 16. Qd2 Rfd8 17. Ba3 Rd7 18. Rad1 Rbd8 19. Qe3 Qe6 20. Rd2 d5
21. cxd5 Nxd5 22. Qc5 b6 23. Qc4 f6 24. Rfd1 e4 25. Rd4 f5 26. Bc1 Bf7 27. Bg5
Re8 28. f3 Qg6 29. Bc1 exf3 30. exf3 Qxg3 31. Qb5 Rde7 32. Qf1 Re1 33. Bf4
Rxf1+ 34. Rxf1 0-1

[Event "XI Open"]
[Site "Condino ITA"]
[Date "2011.07.26"]
[Round "2"]
[White "Panjkovic, Aleksandar"]
[Black "Raselli, Claudio"]
[Result "1-0"]
[WhiteElo "2173"]
[BlackElo "1930"]
[PlyCount "99"]
[EventDate "2011.07.25"]

1. c4 e6 2. g3 d5 3. Bg2 Nf6 4. Nf3 dxc4 5. Qc2 Nbd7 6. Na3 Nb6 7. Nxc4 Nxc4 8.
Qxc4 Bd6 9. b3 O-O 10. Bb2 c6 11. O-O Qa5 12. d4 Qd5 13. Nd2 Qxc4 14. bxc4 Re8
15. c5 Bc7 16. Nc4 Bd7 17. Rfd1 Rad8 18. e4 h6 19. Rab1 Bc8 20. Bc3 Nd7 21. e5
Nf8 22. Ba5 Bxa5 23. Nxa5 Rd7 24. Nc4 Ng6 25. Nd6 Red8 26. Rb3 Ne7 27. Rdb1 Nf5
28. Rb4 Nxd6 29. cxd6 g6 30. a4 h5 31. a5 a6 32. f4 Kg7 33. Bf3 Rh8 34. h3 Rdd8
35. Kf2 Rd7 36. Rh1 Rdd8 37. Rbb1 Rd7 38. Ke3 Rdd8 39. g4 hxg4 40. hxg4 Rxh1
41. Rxh1 Bd7 42. Rb1 Bc8 43. Kd3 Kf8 44. Kc4 Kg7 45. Kc5 Rd7 46. Kb6 f6 47. Ka7
fxe5 48. fxe5 Rf7 49. Kb8 Bd7 50. Rxb7 1-0

[Event "XI Open"]
[Site "Condino ITA"]
[Date "2011.07.26"]
[Round "2"]
[White "Panjkovic, Stefan"]
[Black "Menichini, Massimo"]
[Result "1/2-1/2"]
[WhiteElo "1626"]
[BlackElo "1791"]
[PlyCount "135"]
[EventDate "2011.07.25"]

1. c4 e5 2. g3 Nf6 3. Bg2 Be7 4. Nf3 d6 5. O-O O-O 6. Nc3 c5 7. b3 Nc6 8. e3
Bg4 9. Qc2 Nb4 10. Qb1 Qd7 11. Bb2 Bf5 12. e4 Bh3 13. d3 Bxg2 14. Kxg2 Ne8 15.
a3 Nc6 16. Nd5 f5 17. Nxe7+ Nxe7 18. Nd2 f4 19. Qd1 Ng6 20. Bc1 Nf6 21. Bb2 Rf7
22. Nf3 h6 23. Qe2 Raf8 24. Rae1 Nh7 25. Qd1 Qe7 26. Bc1 Ng5 27. Nxg5 hxg5 28.
Qg4 Qf6 29. Kg1 Ne7 30. Qh3 Qg6 31. Qg4 Qh6 32. Bd2 Nc6 33. Kg2 Nd4 34. b4 b6
35. gxf4 gxf4 36. Kh1 Qf6 37. Rg1 Nc2 38. Ref1 Nxa3 39. f3 Nc2 40. bxc5 bxc5
41. Rf2 Ne3 42. Qh3 Rb7 43. Re2 Rb2 44. Rge1 Rfb8 45. Bxe3 Rxe2 46. Rxe2 fxe3
47. Qf1 Qf4 48. Ra2 Rb7 49. Ra1 Rf7 50. Kg2 Qg5+ 51. Kh1 Qh5 52. Kg2 Rb7 53.
Qe2 Qg5+ 54. Kh1 Qf4 55. Re1 Rf7 56. Kg2 Rb7 57. Qxe3 Qxe3 58. Rxe3 Rb3 59. Kf2
a5 60. Ke1 a4 61. Kd2 a3 62. Re1 Rb2+ 63. Kc3 Rxh2 64. Ra1 a2 65. Kb3 Rf2 66.
Rxa2 Rxf3 67. Kc3 g5 68. Rg2 1/2-1/2

[Event "XI Open"]
[Site "Condino ITA"]
[Date "2011.07.26"]
[Round "2"]
[White "Paragliola, Gennaro"]
[Black "Galas, Franco"]
[Result "0-1"]
[WhiteElo "1583"]
[BlackElo "1758"]
[PlyCount "60"]
[EventDate "2011.07.25"]

1. d4 d6 2. c4 e6 3. e4 g6 4. Nf3 Bg7 5. Nc3 Ne7 6. Be3 Nd7 7. Be2 b6 8. O-O e5
9. d5 O-O 10. Qd2 f5 11. Bh6 f4 12. Bxg7 Kxg7 13. h3 h6 14. Nh2 Nf6 15. Qd1 Nh7
16. Bg4 Bd7 17. Bxd7 Qxd7 18. Qg4 Qe8 19. b3 h5 20. Qe2 Qd7 21. Nf3 Rf7 22.
Rac1 Rc8 23. b4 g5 24. Nh2 f3 25. Nxf3 Rxf3 26. gxf3 Qxh3 27. Nb5 Ng6 28. Nxc7
Nf4 29. Ne6+ Kf7 30. Nxf4 gxf4 0-1